000 00309nam a22001337a 4500
008 181015b xxu||||| |||| 00| 0 eng d
020 _a9780070408302
041 _aeng
080 _a941
100 _a16
101 _ahis
245 _aA History Of The Modern World
_cPalmer.R.R
942 _2udc
_cBK
999 _c49782
_d49782